Calciatori e Anno di nascita - Quiz n°25 - Statistics

Statistiche generali
  • Questo quiz è stato fatto 20 volte
  • Il punteggio medio è 5 su 10
Statistiche sulle risposte
Hint Risposta % Corretto
Bukayo Saka 2001
82%
Alessandro Matri 1984
71%
Domenico Berardi 1994
71%
Stephan El Shaarawy 1992
59%
Benedikt Höwedes 1988
47%
Andrew Robertson 1994
47%
Daniel Sturridge 1989
41%
Patrik Schick 1996
41%
Nikola Maksimović 1991
18%
Rafinha 1993
18%
Nessun quiz corrispondente trovato
Distribuzione punteggi
Percentuale di utenti per punteggio
Percentile per numero di risposta
I tuoi punteggi nel tempo
Non hai fatto questo quiz